Представление документа в формате RUSMARC

ПолеНазваниеЗначение
  Тип записи a
  Библиографический уровень m
001 Контрольный номер 03d77c97b9174774adc61b057dd18f02
005 Дата корректировки 20260528095620.9
010 Индекс ISBN __
a ISBN 978-5-04-089352-2
b Уточнения в пер.
9 Тираж 1000 экз.
d Цена 2187-09
100 Данные общей обработки __
a Данные общей обработки 20260522d2024 ma y0rusy028902 ca
101 Язык документа 0_
a Язык текста rus
102 Страна публикации __
a Страна публикации RU
105 Кодированные данные (монография) __
a Кодированные данные (монография) a z 000ay
181 Поле кодированных данных: вид содержания _0
a Код вида содержания (ISBD) i
181 Поле кодированных данных: вид содержания _0
a Код вида содержания (ISBD) b
182 Поле кодированных данных: тип средства _0
a Код типа средства (ISBD) n
200 Заглавие и сведения об ответственности 1_
a Заглавие Сказки старой Руси. Начало
f Первые сведения об ответственности рисунки и текст Романа Папсуева
203 Вид содержания и тип средства __
a Вид содержания Текст
a Вид содержания Изображение
c Тип средства непосредственные
b Характеристика содержания двухмерное
b Характеристика содержания неподвижное
210 Выходные данные 1_
a Место издания Москва
c Издательство Эксмо
d Дата издания 2024
215 Физическое описание __
a Объем 173, [2] с.
c Иллюстрации/тип воспроизводства ил., цв. ил.
d Формат 26 см
330 Аннотация __
a Аннотация Роман предлагает новый взгляд на славянские сказки. В книге прекрасно нарисованные сюжеты славянского фольклора, в котором Алеша Попович — лучший охотник на ведьм, Василиса Премудрая — боевой маг, а Кощей — суперколдун и лич-вампир.
333 Примечание о целевом назначении __
a Примечание о целевом назначении 16+. Для детей старше 16 лет
517 Другие варианты заглавия 1_
a Другие варианты заглавия Начало
606 Тематические рубрики __
a Основная рубрика Изобразительное искусство и архитектура
2 Код системы nlr_sh
606 Тематические рубрики __
a Основная рубрика История графики
2 Код системы nlr_sh
606 Тематические рубрики __
a Основная рубрика Фольклор
2 Код системы nlr_sh
606 Тематические рубрики __
a Основная рубрика Фольклор России
2 Код системы nlr_sh
610 Ключевые слова 0_
a Ключевые слова книжные иллюстраторы
610 Ключевые слова 0_
a Ключевые слова художники-иллюстраторы
610 Ключевые слова 0_
a Ключевые слова славянский фольклор
610 Ключевые слова 0_
a Ключевые слова былинные богатыри
610 Ключевые слова 0_
a Ключевые слова былинные герои
610 Ключевые слова 0_
a Ключевые слова фольклорные персонажи
610 Ключевые слова 0_
a Ключевые слова герои сказок
610 Ключевые слова 0_
a Ключевые слова артбуки
610 Ключевые слова 0_
a Ключевые слова киберпанк
610 Ключевые слова 0_
a Ключевые слова фэнтези
610 Ключевые слова 0_
a Ключевые слова иллюстрации
610 Ключевые слова 0_
a Ключевые слова молодежная литература
686 Индексы других классификаций __
2 Код системы rubbks
a Классификационный индекс 85.153(2=411.2)6-8
686 Индексы других классификаций __
2 Код системы rubbks
a Классификационный индекс 82.3(2=411.2)-1; ст85.153(2)-8 + ст84.2(2=411.2)
700 Автор _1
a Фамилия Папсуев
b Имя Р. В.
g Полное личное имя Роман Валентинович
4 Код отношения 070
4 Код отношения 440
f Даты 1974-
801 Источник записи _0
b Организация Муниципальное бюджетное учреждение культуры "Централизованная библиотечная система" г. Сургут (Центральная городская библиотека им. А. С. Пушкина)
a Страна RU
c Дата составления 20260522
g Правила каталогизации PSBO
801 Источник записи _1
b Организация Муниципальное бюджетное учреждение культуры "Централизованная библиотечная система" г. Сургут (Центральная городская библиотека им. А. С. Пушкина)
a Страна RU
c Дата составления 20260522
g Правила каталогизации PSBO
852 Данные о местонахождении __
i Авторский знак П 17
j Шифр хранения 85.153(2=411.2)6-8
900 Макрообъекты __
a Макрообъекты Сказки старой Руси. Начало. Папсуев, Р., 2024
901 Тип документа __
a Ответственный КиК/Обаева
t Тип документа m
901 Тип документа __
a Ответственный 6 партия
903 Характеристики (МАРС) __
a Дата передачи 20260522
c Наименование библиотеки (МАРС) Муниципальное бюджетное учреждение культуры "Централизованная библиотечная система" г. Сургут (Центральная городская библиотека им. А. С. Пушкина)
969 Тип издания __
a Тип издания Ф 26
a Тип издания молодежное издание
a Тип издания популярное издание
990 Данные о заказе (DOS) __
j Количество экземпляров (DOS) 3
t N записи в КСУ для И/У (DOS) 202606